Normal view MARC view
  • Moviment Rialles de Catalunya.

Entry Nom corporatiu

Number of records used in: 1

001 - NÚMERO DE CONTROL

  • campo de control: 169471

003 - IDENTIFICADOR DEL NÚMERO DE CONTROL

  • campo de control: ES-BaIT

005 - FECHA Y HORA DE LA ÚLTIMA TRANSACCIÓN

  • campo de control: 20260511143951.0

008 - DATOS DE LONGITUD FIJA

  • campo de control de longitud fija: 260511|| aca||aabn | a|a d

040 ## - FUENTE DE LA CATALOGACIÓN

  • Centro catalogador/agencia de origen: ES-BaIT

110 2# - ENCABEZAMIENTO-NOMBRE DE ENTIDAD CORPORATIVA

  • Nombre de entidad corporativa o nombre de jurisdicción como elemento de entrada: Moviment Rialles de Catalunya.
  • Unidad subordinada: Grup Rialles d'Igualada

410 2# - TRAZADO DE VÉASE--NOMBRE DE ENTIDAD CORPORATIVA

  • Nombre de entidad corporativa o nombre de jurisdicción como elemento de entrada: Moviment Rialles de Catalunya.
  • Unidad subordinada: Igualada

410 2# - TRAZADO DE VÉASE--NOMBRE DE ENTIDAD CORPORATIVA

  • Nombre de entidad corporativa o nombre de jurisdicción como elemento de entrada: Moviment Rialles de Catalunya.
  • Unidad subordinada: Rialles d'Igualada

410 2# - TRAZADO DE VÉASE--NOMBRE DE ENTIDAD CORPORATIVA

  • Nombre de entidad corporativa o nombre de jurisdicción como elemento de entrada: Grup Rialles d'Igualada

410 2# - TRAZADO DE VÉASE--NOMBRE DE ENTIDAD CORPORATIVA

  • Nombre de entidad corporativa o nombre de jurisdicción como elemento de entrada: Rialles d'Igualada

Powered by Koha